000 00307nam a22001337a 4500
008 181015b xxu||||| |||| 00| 0 eng d
020 _a9780072473773
041 _aeng
080 _a371
100 _a25
101 _aEDU
245 _aCritical Reading for College and Beyond
_cDaiek,D
942 _2udc
_cBK
999 _c49622
_d49622